Central Library OPAC University of Rajshahi

What peace means to young people / (Record no. 80709)

MARC details
000 -LEADER
fixed length control field 00737nam a2200241 a 4500
001 - CONTROL NUMBER
control field 80709
003 - CONTROL NUMBER IDENTIFIER
rucl marc code BD-RjUL
005 - DATE AND TIME OF LATEST TRANSACTION
control field 20221103143055.0
008 - FIXED-LENGTH DATA ELEMENTS--GENERAL INFORMATION
fixed length control field 221103s1985 ru ||||| |||| 00| 0 eng d
035 ## - SYSTEM CONTROL NUMBER
System control number (BD-RjUL)80709
040 ## - CATALOGING SOURCE
Original cataloging agency BD-RjUL
Language of cataloging eng
Transcribing agency BD-RjUL
041 ## - LANGUAGE CODE
Language code of text/sound track or separate title eng
082 ## - DEWEY DECIMAL CLASSIFICATION NUMBER
Edition number 23
Classification number 303.66083
Author mark and year WHA 1985
245 ## - TITLE STATEMENT
Title What peace means to young people /
Statement of responsibility, etc. Complied by Marina Stulova, Valery Yenin; general editor Stanislav Ilyin.
260 ## - PUBLICATION, DISTRIBUTION, ETC. (IMPRINT)
Place of publication, distribution, etc. Moscow,
Name of publisher, distributor, etc. Novosti Press Agency Pub. House,
Date of publication, distribution, etc. 1985
300 ## - PHYSICAL DESCRIPTION
Pagination 126 pages:
Illustrations ill.;
Size 17 cm.
650 ## - SUBJECT ADDED ENTRY--TOPICAL TERM
Topical term or geographic name as entry element Youth
Topical term or geographic name as entry element Youth and peace
9 (RLIN) 5700
700 ## - ADDED ENTRY--PERSONAL NAME
Personal name Stulova, Marina
Personal name Yenin, Valery
Personal name Ilyin, Stanislav
942 ## - ADDED ENTRY ELEMENTS (KOHA)
Source of classification or shelving scheme Dewey Decimal Classification
Koha item type Books
Holdings
Lost status Source of classification or shelving scheme Damaged status Not for loan Collection code Permanent Location Current Location Shelving location Date acquired Source of acquisition Total Checkouts Full call number Date last seen Copy number Koha item type
  Dewey Decimal Classification     Non-fiction Central Library, University of Rajshahi Central Library, University of Rajshahi Reading Room 03/11/1990 Shukat Osman   303.66083 WHA 1985 03/11/2022 C-1 Books